Statistics for 1950 Formula 1 calendar

Click here to take the quiz!

General Stats

  • This quiz has been taken 133 times
  • The average score is 6 of 7

Answer Stats

Race numberwinnerRace% Correct
1Giuseppe FarinaBritish Grand Prix
99%
7Giuseppe FarinaItalian Grand Prix
94%
2Juan Manuel FangioMonaco Grand Prix
84%
3Johnnie Parsonsindy 500
81%
6Juan Manuel FangioFrench Grand Prix
79%
5Juan Manuel FangioBelgian Grand Prix
77%
4Giuseppe FarinaSwiss Grand Prix
64%

Score Distribution

Percentile by Number Answered

Percent of People with Each Score

Your Score History

You have not taken this quiz